La tierra en el espacio / (Record no. 134888)

MARC details
000 -LEADER
campo de control de longitud fija 00529nam a2200181 i 4500
001 - NÚMERO DE CONTROL
campo de control 134888
003 - IDENTIFICADOR DE NÚMERO DE CONTROL
campo de control ES-MaACL
005 - FECHA Y HORA DE LA ÚLTIMA TRANSACCIÓN
campo de control 20230906194750.0
007 - CAMPO FIJO DE DESCRIPCIÓN FÍSICA--INFORMACIÓN GENERAL
campo de control de longitud fija t|
008 - DATOS DE LONGITUD FIJA--INFORMACIÓN GENERAL
campo de control de longitud fija 070703s1969 mx ||||1| spa d
245 03 - MENCIÓN DEL TÍTULO
Título La tierra en el espacio /
Mención de responsabilidad, etc. Compilación de Hugh Odishaw ; [versión de José Meza Nieto].
250 ## - MENCION DE EDICION
Mención de edición [1ª ed.].
260 ## - PUBLICACIÓN, DISTRIBUCIÓN, ETC.
Lugar de publicación, distribución, etc. México :
Nombre del editor, distribuidor, etc. Letras,
Fecha de publicación, distribución, etc. 1969.
300 ## - DESCRIPCIÓN FÍSICA
Extensión 382 p. ;
Dimensiones 22 cm.
700 1# - ENTRADA AGREGADA--NOMBRE PERSONAL
Nombre de persona Odishaw, Hugh.
9 (RLIN) 86530
700 1# - ENTRADA AGREGADA--NOMBRE PERSONAL
Nombre de persona Meza Nieto, José.
9 (RLIN) 80826
852 ## - LOCALIZACIÓN
Ubicación ES-MaACL
Número de control de estantería D-7746
Sublocalización o colección R.93647
Holdings
Estatus retirado Estado de pérdida Estado de daño No para préstamo Biblioteca de origen Biblioteca actual Ubicación en estantería Fecha de adquisición Fuente de adquisición Total de préstamos Signatura topográfica completa Código de barras Visto por última vez Precio de reemplazo Tipo de ítem Koha
        Biblioteca del Ateneo de Madrid Biblioteca del Ateneo de Madrid Sala Valle Inclán 17/01/2008     D-7746 901140399 23/02/2023 23/02/2023 Libro impreso